Statistiques concernant Ville à pays n°20

Cliquez ici pour prendre le quiz!

Statistiques générales

  • Ce quiz a été pris 98 fois
  • Le résultat moyen est 11 sur 15

Statistiques - réponses

VillePays% Correct
BordeauxFrance
100%
ManchesterRoyaume-Uni
98%
BrugesBelgique
97%
TangerMaroc
94%
Las PalmasEspagne
92%
Porto AlegreBrésil
88%
GuadalajaraMexique
88%
DarwinAustralie
85%
DubrovnikCroatie
85%
IrkoutskRussie
82%
FreetownSierra Leone
68%
MendozaArgentine
67%
GaboroneBotswana
64%
ÜrümqiChine
26%
MekeleEthiopie
13%

Distribution des résultats

Percentile par nombre de réponses

% des personnes avec chaque résultat

Votre développement - résultats

Vous n’avez pas pris ce quiz